LIBRARY & INFORMATION CENTRE, KCAET, TAVANUR

ONLINE PUBLIC ACCESS CATALOGUE (OPAC)

Electrical wiring estimating & costing / (Record no. 1371)

MARC details
000 -LEADER
fixed length control field 00423cam a2200169ua 4500
003 - CONTROL NUMBER IDENTIFIER
control field OSt
008 - FIXED-LENGTH DATA ELEMENTS--GENERAL INFORMATION
fixed length control field 241226b |||||||| |||| 00| 0 eng d
041 ## - LANGUAGE CODE
Language code of text/sound track or separate title eng
082 ## - DEWEY DECIMAL CLASSIFICATION NUMBER
Classification number 621.319
Item number UPP/EL
100 ## - MAIN ENTRY--AUTHOR NAME
Personal name Uppal, S.L .
245 ## - TITLE STATEMENT
Title Electrical wiring estimating & costing /
250 ## - EDITION STATEMENT
Edition statement 4 /
260 ## - PUBLICATION, DISTRIBUTION, ETC. (IMPRINT)
Place of publication Delhi :
Name of publisher Khanna publishers ,
Year of publication 1994.
300 ## - PHYSICAL DESCRIPTION
Number of Pages 732 ; .
700 1# - ADDED ENTRY--PERSONAL NAME
Personal name Laroia, J.M .
942 ## - ADDED ENTRY ELEMENTS (KOHA)
Koha item type Books
Holdings
Withdrawn status Lost status Damaged status Home library Current library Date acquired Full call number Accession Number Koha item type Shelving location
      KAUAET KAUAET 07/04/2012 621.319 UPP/EL 18832 Books  
      KAUAET KAUAET 07/04/2012 621.319 UPP/EL 19048 Books  
      KAUAET KAUAET 07/04/2012 621.319 UPP/EL 19090 Books  
      KAUAET KAUAET 05/09/2018 621.319 UPP/EL 18861 Book Bank scheme for SC students Scheme
      KAUAET KAUAET 06/09/2018 621.319 UPP/EL 18862 Book Bank scheme for SC students Scheme
free website counter